[Event "Grand Swiss "]
[Date "2025.09.05"]
[White "Yu, Yangyi"]
[Black "Sjugirov, Sanan"]
[WhiteElo "2714"]
[BlackElo "2627"]
[Round "2.2.18"]
[Result "1-0"]

1. d4 {[%clk 01:40:57] [%emt 00:00:02]} d5 {[%clk 01:40:26] [%emt 00:00:35]} 2.
c4 {[%clk 01:41:11] [%emt 00:00:16]} c6 {[%clk 01:40:51] [%emt 00:00:05]} 3. Nf3
{[%clk 01:40:51] [%emt 00:00:49]} Nf6 {[%clk 01:41:13] [%emt 00:00:08]} 4. Nc3
{[%clk 01:40:40] [%emt 00:00:42]} e6 {[%clk 01:41:36] [%emt 00:00:07]} 5. Bg5
{[%clk 01:39:37] [%emt 00:01:32]} Nbd7 {[%clk 01:41:57] [%emt 00:00:09]} 6. cxd5
{[%clk 01:34:29] [%emt 00:05:38]} exd5 {[%clk 01:41:25] [%emt 00:01:03]} 7. e3
{[%clk 01:24:14] [%emt 00:10:45]} h6 {[%clk 01:41:37] [%emt 00:00:18]} 8. Bh4
{[%clk 01:22:21] [%emt 00:02:22]} Be7 {[%clk 01:41:53] [%emt 00:00:13]} 9. Nd2
{[%clk 01:20:01] [%emt 00:02:51]} O-O {[%clk 01:13:52] [%emt 00:28:30]} 10. Bd3
{[%clk 01:20:10] [%emt 00:00:21]} c5 {[%clk 00:43:22] [%emt 00:31:01]} 11. O-O
{[%clk 01:20:01] [%emt 00:00:38]} cxd4 {[%clk 00:41:51] [%emt 00:02:03]} 12.
exd4 {[%clk 01:20:22] [%emt 00:00:08]} Nb8 {[%clk 00:41:09] [%emt 00:01:12]} 13.
Re1 {[%clk 01:14:39] [%emt 00:06:13]} Nc6 {[%clk 00:40:02] [%emt 00:01:37]} 14.
Nb3 {[%clk 01:11:08] [%emt 00:04:00]} Be6 {[%clk 00:38:43] [%emt 00:01:48]} 15.
Rc1 {[%clk 01:10:24] [%emt 00:01:12]} Rc8 {[%clk 00:38:09] [%emt 00:01:06]} 16.
Bb1 {[%clk 01:06:58] [%emt 00:03:56]} Re8 {[%clk 00:32:45] [%emt 00:05:55]} 17.
Qd3 {[%clk 00:51:55] [%emt 00:15:33]} Nb4 {[%clk 00:32:29] [%emt 00:00:46]} 18.
Qf3 {[%clk 00:51:41] [%emt 00:00:44]} Nc6 {[%clk 00:28:20] [%emt 00:04:39]} 19.
h3 {[%clk 00:50:02] [%emt 00:02:08]} Nd7 {[%clk 00:25:11] [%emt 00:03:39]} 20.
Bg3 {[%clk 00:43:43] [%emt 00:06:49]} Nf8 {[%emt 00:10:59]} 21. Rc2 {[%clk
00:34:46]} Bd6 {[%clk 00:21:28] [%emt 00:03:11]} 22. Rce2 {[%clk 00:33:17] [%emt
00:01:59]} Bxg3 {[%clk 00:21:32] [%emt 00:00:26]} 23. fxg3 {[%clk 00:30:24]
[%emt 00:03:23]} Re7 {[%clk 00:19:12] [%emt 00:02:49]} 24. Kh2 {[%clk 00:30:25]
[%emt 00:00:29]} b6 {[%clk 00:17:34] [%emt 00:02:08]} 25. Bd3 {[%clk 00:25:32]
[%emt 00:05:22]} Nb4 {[%clk 00:16:26] [%emt 00:01:38]} 26. Bb1 {[%clk 00:21:59]
[%emt 00:04:03]} Nc6 {[%clk 00:16:41] [%emt 00:00:16]} 27. Qf4 {[%clk 00:19:41]
[%emt 00:02:48]} Bd7 {[%clk 00:09:41] [%emt 00:07:30]} 28. Rf1 {[%clk 00:15:19]
[%emt 00:04:52]} Be8 {[%clk 00:10:08] [%emt 00:00:03]} 29. Ref2 {[%clk 00:13:32]
[%emt 00:02:17]} Rcc7 {[%clk 00:09:48] [%emt 00:00:50]} 30. Bf5 {[%clk 00:11:00]
[%emt 00:03:02]} Ne6 {[%clk 00:08:23] [%emt 00:01:54]} 31. Qg4 {[%clk 00:10:10]
[%emt 00:01:20]} a6 {[%clk 00:06:44] [%emt 00:02:09]} 32. Bd3 {[%clk 00:09:47]
[%emt 00:00:52]} Nb4 {[%clk 00:06:01] [%emt 00:01:14]} 33. Bb1 {[%clk 00:10:03]
[%emt 00:00:14]} Nf8 {[%clk 00:05:34] [%emt 00:00:56]} 34. Rf5 {[%clk 00:05:57]
[%emt 00:04:36]} Bd7 {[%clk 00:04:38] [%emt 00:01:27]} 35. a3 {[%clk 00:05:46]
[%emt 00:00:42]} Bxf5 {[%clk 00:03:52] [%emt 00:01:15]} 36. Rxf5 {[%clk
00:05:48] [%emt 00:00:28]} Rxc3 {[%clk 00:02:22] [%emt 00:02:00]} 37. bxc3
{[%clk 00:06:15] [%emt 00:00:02]} Nc6 {[%clk 00:02:48] [%emt 00:00:05]} 38. Qf3
{[%clk 00:04:49] [%emt 00:01:56]} Rd7 {[%clk 00:03:09] [%emt 00:00:09]} 39. Bd3
{[%clk 00:01:39] [%emt 00:03:40]} Ne6 {[%clk 00:03:05] [%emt 00:00:34]} 40. Qg4
{[%clk 00:00:41] [%emt 00:01:28]} b5 {[%clk 00:00:42] [%emt 00:02:53]} 41. Rf1
{[%clk 00:47:11] [%emt 00:03:59]} Qe7 {[%clk 00:23:59] [%emt 00:27:13]} 42. Re1
{[%clk 00:44:49] [%emt 00:02:53]} Qd6 {[%clk 00:13:08] [%emt 00:11:21]} 43. Nc5
{[%clk 00:39:27] [%emt 00:05:51]} Re7 {[%clk 00:13:34] [%emt 00:00:05]} 44. Qf5
{[%clk 00:27:27] [%emt 00:12:30]} Nf8 {[%clk 00:13:59] [%emt 00:00:05]} 45. Rxe7
{[%clk 00:25:31] [%emt 00:02:26]} Nxe7 {[%clk 00:14:24] [%emt 00:00:04]} 46. Qe5
{[%clk 00:25:33] [%emt 00:00:28]} Qxe5 {[%clk 00:06:19] [%emt 00:08:35]} 47.
dxe5 {[%clk 00:26:02] [%emt 00:00:01]} a5 {[%clk 00:06:44] [%emt 00:00:05]} 48.
Bxb5 {[%clk 00:25:32] [%emt 00:01:00]} Ne6 {[%clk 00:07:12] [%emt 00:00:02]} 49.
Nb3 {[%clk 00:23:10] [%emt 00:02:51]} Nc7 {[%clk 00:07:38] [%emt 00:00:04]} 50.
Ba4 {[%clk 00:22:26] [%emt 00:01:15]} Ng6 {[%clk 00:06:53] [%emt 00:01:15]} 51.
Nxa5 {[%clk 00:22:46] [%emt 00:00:10]} Nxe5 {[%clk 00:07:19] [%emt 00:00:04]}
52. Kg1 {[%clk 00:21:57] [%emt 00:01:19]} Nd3 {[%clk 00:06:23] [%emt 00:01:26]}
53. Bc2 {[%clk 00:19:52] [%emt 00:02:35]} Nc5 {[%clk 00:01:53] [%emt 00:05:00]}
54. a4 {[%clk 00:19:22] [%emt 00:01:00]} Kf8 {[%clk 00:02:17] [%emt 00:00:06]}
55. Nc6 {[%clk 00:18:26] [%emt 00:01:25]} Ke8 {[%clk 00:02:39] [%emt 00:00:09]}
56. Kf2 {[%clk 00:17:53] [%emt 00:01:03]} Kd7 {[%clk 00:02:54] [%emt 00:00:15]}
57. Nd4 {[%clk 00:18:11] [%emt 00:00:11]} g6 {[%clk 00:03:04] [%emt 00:00:21]}
58. Ke3 {[%clk 00:18:21] [%emt 00:00:20]} Kd6 {[%clk 00:02:04] [%emt 00:01:31]}
59. g4 {[%clk 00:17:47] [%emt 00:01:03]} Nd7 {[%clk 00:01:46] [%emt 00:00:48]}
60. Bd3 {[%clk 00:16:08] [%emt 00:02:09]} Kc5 {[%clk 00:01:53] [%emt 00:00:23]}
61. Nb3+ {[%clk 00:12:14] [%emt 00:04:24]} Kd6 {[%clk 00:15:17] [%emt 00:02:05]}
62. a5 {[%clk 00:23:34] [%emt 00:04:10]} Ne5 {[%clk 00:15:27] [%emt 00:00:20]}
63. Be2 {[%clk 00:23:53] [%emt 00:00:11]} Nc6 {[%clk 00:15:35] [%emt 00:00:22]}
64. c4 {[%clk 00:15:58] [%emt 00:08:24]} Ke5 {[%clk 00:10:12] [%emt 00:05:53]}
65. c5 {[%clk 00:14:08] [%emt 00:02:20]} Ne6 {[%clk 00:06:56] [%emt 00:03:47]}
66. Bb5 {[%clk 00:12:56] [%emt 00:01:42]} d4+ {[%clk 00:07:04] [%emt 00:00:23]}
67. Kd2 {[%clk 00:10:13] [%emt 00:03:13]} Na7 {[%clk 00:07:11] [%emt 00:00:23]}
68. Be8 {[%clk 00:06:42] [%emt 00:04:01]} Nf4 {[%clk 00:07:35] [%emt 00:00:05]}
69. Bxf7 {[%clk 00:06:00] [%emt 00:01:12]} Nxg2 {[%clk 00:08:00] [%emt
00:00:05]} 70. Nc1 {[%clk 00:05:29] [%emt 00:01:00]} Kf6 {[%clk 00:07:00] [%emt
00:01:30]} 71. Be8 {[%clk 00:04:45] [%emt 00:01:14]} Nf4 {[%clk 00:06:52] [%emt
00:00:38]} 72. Ne2 {[%clk 00:04:00] [%emt 00:01:15]} Nxh3 {[%clk 00:06:50] [%emt
00:00:33]} 73. Nxd4 {[%clk 00:04:24] [%emt 00:00:06]} Nf2 {[%clk 00:07:08] [%emt
00:00:11]} 74. Kc3 {[%clk 00:02:48] [%emt 00:02:06]} Nd1+ {[%clk 00:00:44] [%emt
00:06:54]} 75. Kb3 {[%clk 00:02:27] [%emt 00:00:50]} Ne3 {[%clk 00:00:33] [%emt
00:00:42]} 76. Nb5 {[%clk 00:01:43] [%emt 00:01:13]} Nxb5 {[%clk 00:00:34] [%emt
00:00:30]} 77. Bxb5 {[%clk 00:02:10] [%emt 00:00:03]} Nd5 {[%clk 00:00:43] [%emt
00:00:21]} 78. a6 {[%clk 00:02:35] [%emt 00:00:04]} Nc7 {[%clk 00:01:06] [%emt
00:00:07]} 79. a7 {[%clk 00:02:37] [%emt 00:00:29]} Kg5 {[%clk 00:00:39] [%emt
00:00:57]} 80. Kb4 {[%clk 00:01:53] [%emt 00:01:14]} 1-0

[Site "Europe Echecs"]

[Event "Grand Swiss "]
[Date "2025.09.05"]
[White "Rapport, Richard"]
[Black "Dardha, Daniel"]
[WhiteElo "2711"]
[BlackElo "2624"]
[Round "2.2.19"]
[Result "1-0"]

1. Nf3 {[%clk 01:40:28] [%emt 00:00:31]} d5 {[%clk 01:40:41] [%emt 00:00:20]} 2.
g3 {[%clk 01:40:36] [%emt 00:00:21]} g6 {[%clk 01:40:54] [%emt 00:00:18]} 3. c4
{[%clk 01:40:16] [%emt 00:00:50]} dxc4 {[%clk 01:36:47] [%emt 00:04:36]} 4. Na3
{[%clk 01:39:30] [%emt 00:01:16]} Bg7 {[%clk 01:35:29] [%emt 00:01:48]} 5. Nxc4
{[%clk 01:39:46] [%emt 00:00:14]} c5 {[%clk 01:30:47] [%emt 00:05:13]} 6. Bg2
{[%clk 01:39:31] [%emt 00:00:44]} Nf6 {[%clk 01:30:19] [%emt 00:00:59]} 7. b3
{[%clk 01:33:05] [%emt 00:06:56]} O-O {[%clk 01:26:47] [%emt 00:04:01]} 8. Bb2
{[%clk 01:30:51] [%emt 00:02:44]} Nc6 {[%clk 01:22:36] [%emt 00:04:42]} 9. Nfe5
{[%clk 01:26:16] [%emt 00:05:06]} Nxe5 {[%clk 01:19:46] [%emt 00:03:20]} 10.
Bxe5 {[%clk 01:26:11] [%emt 00:00:34]} Ng4 {[%clk 01:10:32] [%emt 00:09:45]} 11.
Bxg7 {[%clk 01:23:45] [%emt 00:02:56]} Kxg7 {[%clk 01:10:59] [%emt 00:00:03]}
12. Qc1 {[%clk 01:18:40] [%emt 00:05:36]} Rb8 {[%clk 01:03:02] [%emt 00:08:27]}
13. Qc3+ {[%clk 01:07:27] [%emt 00:11:42]} Kg8 {[%clk 01:00:17] [%emt 00:03:15]}
14. h3 {[%clk 01:07:35] [%emt 00:00:22]} Nf6 {[%clk 01:00:32] [%emt 00:00:15]}
15. Qe5 {[%clk 00:58:34] [%emt 00:09:31]} Nd7 {[%clk 00:57:21] [%emt 00:03:41]}
16. Qg5 {[%clk 00:48:01] [%emt 00:11:03]} b5 {[%clk 00:51:27] [%emt 00:06:24]}
17. Ne3 {[%clk 00:47:49] [%emt 00:00:41]} e6 {[%clk 00:51:13] [%emt 00:00:45]}
18. h4 {[%clk 00:46:47] [%emt 00:01:32]} f5 {[%clk 00:47:58] [%emt 00:03:45]}
19. Rd1 {[%clk 00:38:00] [%emt 00:09:17]} Qf6 {[%clk 00:39:45] [%emt 00:08:43]}
20. Qxf6 {[%clk 00:33:53] [%emt 00:04:37]} Nxf6 {[%clk 00:32:37] [%emt
00:07:38]} 21. Rc1 {[%clk 00:30:14] [%emt 00:04:09]} Nd7 {[%clk 00:32:46] [%emt
00:00:20]} 22. Bc6 {[%clk 00:30:28] [%emt 00:00:16]} Ne5 {[%clk 00:33:04] [%emt
00:00:13]} 23. Bg2 {[%clk 00:30:54] [%emt 00:00:04]} Nd7 {[%clk 00:33:14] [%emt
00:00:19]} 24. h5 {[%clk 00:14:57] [%emt 00:16:27]} Bb7 {[%clk 00:27:21] [%emt
00:06:24]} 25. Bxb7 {[%clk 00:14:41] [%emt 00:00:46]} Rxb7 {[%clk 00:27:47]
[%emt 00:00:04]} 26. f4 {[%clk 00:15:08] [%emt 00:00:03]} Rb6 {[%clk 00:24:35]
[%emt 00:03:42]} 27. a4 {[%clk 00:12:25] [%emt 00:03:13]} bxa4 {[%clk 00:21:38]
[%emt 00:03:27]} 28. bxa4 {[%clk 00:12:46] [%emt 00:00:09]} Ra6 {[%clk 00:21:01]
[%emt 00:01:07]} 29. Ra1 {[%clk 00:13:00] [%emt 00:00:16]} e5 {[%clk 00:19:15]
[%emt 00:02:17]} 30. hxg6 {[%clk 00:12:26] [%emt 00:01:04]} hxg6 {[%clk
00:19:23] [%emt 00:00:22]} 31. a5 {[%clk 00:11:18] [%emt 00:01:37]} Re8 {[%clk
00:16:10] [%emt 00:03:43]} 32. Nc4 {[%clk 00:11:14] [%emt 00:00:34]} exf4 {[%clk
00:14:50] [%emt 00:01:51]} 33. gxf4 {[%clk 00:11:28] [%emt 00:00:15]} Re4 {[%clk
00:14:51] [%emt 00:00:29]} 34. d3 {[%clk 00:11:49] [%emt 00:00:09]} Rxf4 {[%clk
00:15:07] [%emt 00:00:14]} 35. Rb1 {[%clk 00:11:50] [%emt 00:00:28]} Rxc4 {[%clk
00:09:12] [%emt 00:06:26]} 36. dxc4 {[%clk 00:12:12] [%emt 00:00:09]} Rxa5
{[%clk 00:09:40] [%emt 00:00:02]} 37. Kf2 {[%clk 00:10:10] [%emt 00:02:32]} Kf7
{[%clk 00:09:13] [%emt 00:00:57]} 38. Ra1 {[%clk 00:09:16] [%emt 00:01:23]} Rxa1
{[%clk 00:09:39] [%emt 00:00:04]} 39. Rxa1 {[%clk 00:09:42] [%emt 00:00:04]} Ne5
{[%clk 00:09:34] [%emt 00:00:35]} 40. Rxa7+ {[%clk 00:10:03] [%emt 00:00:09]}
Kf6 {[%clk 00:09:52] [%emt 00:00:12]} 41. Ra4 {[%clk 00:09:45] [%emt 00:00:48]}
f4 {[%clk 00:08:52] [%emt 00:01:30]} 42. Ra5 {[%clk 00:09:06] [%emt 00:01:08]}
Nxc4 {[%clk 00:05:53] [%emt 00:03:29]} 43. Ra4 {[%clk 00:09:34] [%emt 00:00:02]}
Nd6 {[%clk 00:01:49] [%emt 00:04:34]} 44. Rxf4+ {[%clk 00:09:41] [%emt
00:00:23]} Ke5 {[%clk 00:02:09] [%emt 00:00:10]} 45. Rg4 {[%clk 00:03:22] [%emt
00:06:49]} Kf5 {[%clk 00:46:37] [%emt 00:06:03]} 46. Kf3 {[%clk 00:49:43] [%emt
00:04:09]} g5 {[%clk 00:43:01] [%emt 00:04:07]} 47. e4+ {[%clk 00:49:17] [%emt
00:00:55]} Kf6 {[%clk 00:42:52] [%emt 00:00:39]} 48. Rg1 {[%clk 00:47:46] [%emt
00:02:01]} Nb5 {[%clk 00:41:23] [%emt 00:02:00]} 49. Ke3 {[%clk 00:43:39] [%emt
00:04:37]} Nd4 {[%clk 00:41:34] [%emt 00:00:20]} 50. Rf1+ {[%clk 00:41:00] [%emt
00:03:09]} Ke5 {[%clk 00:41:37] [%emt 00:00:28]} 51. Rf2 {[%clk 00:41:18] [%emt
00:00:11]} Ke6 {[%clk 00:36:58] [%emt 00:05:08]} 52. Rf8 {[%clk 00:40:06] [%emt
00:01:42]} Ke5 {[%clk 00:34:17] [%emt 00:03:12]} 53. Kd3 {[%clk 00:32:59] [%emt
00:07:37]} c4+ {[%clk 00:20:06] [%emt 00:14:42]} 54. Kxc4 {[%clk 00:32:54] [%emt
00:00:34]} Kxe4 {[%clk 00:19:33] [%emt 00:01:03]} 55. Re8 {[%clk 00:33:20] [%emt
00:00:04]} Kf3 {[%clk 00:19:55] [%emt 00:00:08]} 56. Kxd4 {[%clk 00:33:45] [%emt
00:00:04]} g4 {[%clk 00:20:22] [%emt 00:00:03]} 57. Re3+ {[%clk 00:31:22] [%emt
00:02:53]} Kf2 {[%clk 00:17:18] [%emt 00:03:35]} 58. Ke4 {[%clk 00:31:41] [%emt
00:00:11]} 1-0

[Site "Europe Echecs"]

[Event "Grand Swiss "]
[Date "2025.09.05"]
[White "Liang, Awonder"]
[Black "Ponomariov, Ruslan"]
[WhiteElo "2698"]
[BlackElo "2622"]
[Round "2.2.20"]
[Result "1/2-1/2"]

1. e4 {[%clk 01:40:59]} e5 {[%clk 01:40:51] [%emt 00:00:09]} 2. Nf3 {[%clk
01:41:23] [%emt 00:00:06]} Nc6 {[%clk 01:40:53] [%emt 00:00:28]} 3. Bc4 {[%clk
01:41:51] [%emt 00:00:03]} Nf6 {[%clk 01:41:08] [%emt 00:00:13]} 4. d3 {[%clk
01:42:15] [%emt 00:00:07]} Be7 {[%clk 01:40:58] [%emt 00:00:40]} 5. O-O {[%clk
01:42:35] [%emt 00:00:11]} O-O {[%clk 01:41:02] [%emt 00:00:25]} 6. Re1 {[%clk
01:42:57] [%emt 00:00:08]} d6 {[%clk 01:40:15] [%emt 00:01:17]} 7. a4 {[%clk
01:42:40] [%emt 00:00:47]} Be6 {[%clk 01:39:33] [%emt 00:01:12]} 8. Bxe6 {[%clk
01:43:01] [%emt 00:00:10]} fxe6 {[%clk 01:39:56] [%emt 00:00:06]} 9. c3 {[%clk
01:43:26] [%emt 00:00:05]} a5 {[%clk 01:36:31] [%emt 00:03:55]} 10. Qb3 {[%clk
01:43:40] [%emt 00:00:17]} Qd7 {[%clk 01:34:53] [%emt 00:02:07]} 11. Nbd2 {[%clk
01:43:38] [%emt 00:00:32]} h6 {[%clk 01:30:29] [%emt 00:04:54]} 12. Nf1 {[%clk
01:43:45] [%emt 00:00:24]} b6 {[%clk 01:29:43] [%emt 00:01:15]} 13. h3 {[%clk
01:44:01] [%emt 00:00:14]} Rf7 {[%clk 01:27:15] [%emt 00:02:58]} 14. N1h2 {[%clk
01:42:31] [%emt 00:02:01]} Raf8 {[%clk 01:26:35] [%emt 00:01:10]} 15. Bd2 {[%clk
01:39:23] [%emt 00:03:38]} Nh7 {[%clk 01:11:10] [%emt 00:15:54]} 16. Qb5 {[%clk
01:37:45] [%emt 00:02:09]} Bf6 {[%clk 01:03:39] [%emt 00:08:00]} 17. Rad1 {[%clk
01:37:24] [%emt 00:00:51]} Na7 {[%clk 00:59:59] [%emt 00:04:10]} 18. Qb3 {[%clk
01:36:59] [%emt 00:00:55]} Nc6 {[%clk 00:59:23] [%emt 00:01:05]} 19. Re2 {[%clk
01:34:23] [%emt 00:03:07]} Kh8 {[%clk 00:51:17] [%emt 00:08:36]} 20. Be3 {[%clk
01:23:16] [%emt 00:11:37]} g5 {[%clk 00:47:54] [%emt 00:03:52]} 21. Qb5 {[%clk
01:21:14] [%emt 00:02:33]} h5 {[%clk 00:46:02] [%emt 00:02:22]} 22. d4 {[%clk
01:17:17] [%emt 00:04:28]} exd4 {[%clk 00:36:17] [%emt 00:10:14]} 23. cxd4
{[%clk 01:15:57] [%emt 00:01:50]} d5 {[%clk 00:36:38] [%emt 00:00:09]} 24. e5
{[%clk 00:59:27] [%emt 00:17:00]} Bd8 {[%clk 00:36:06] [%emt 00:01:01]} 25. Ne1
{[%clk 00:56:24] [%emt 00:03:33]} Nb4 {[%clk 00:32:08] [%emt 00:04:27]} 26. Red2
{[%clk 00:56:15] [%emt 00:00:40]} Qxb5 {[%clk 00:29:53] [%emt 00:02:46]} 27.
axb5 {[%clk 00:56:42] [%emt 00:00:03]} c6 {[%clk 00:30:03] [%emt 00:00:20]} 28.
bxc6 {[%clk 00:53:42] [%emt 00:03:30]} Rc7 {[%clk 00:28:40] [%emt 00:01:52]} 29.
Nd3 {[%clk 00:31:31] [%emt 00:22:42]} Nxd3 {[%clk 00:26:14] [%emt 00:02:56]} 30.
Rxd3 {[%clk 00:31:39] [%emt 00:00:21]} Rxc6 {[%clk 00:26:39] [%emt 00:00:05]}
31. g4 {[%clk 00:30:48] [%emt 00:01:21]} hxg4 {[%clk 00:25:59] [%emt 00:01:10]}
32. hxg4 {[%clk 00:30:49] [%emt 00:00:30]} Be7 {[%clk 00:23:08] [%emt 00:03:21]}
33. Kg2 {[%clk 00:29:28] [%emt 00:01:50]} a4 {[%clk 00:21:31] [%emt 00:02:08]}
34. Nf3 {[%clk 00:24:43] [%emt 00:05:15]} Rc2 {[%clk 00:21:07] [%emt 00:00:54]}
35. Rh1 {[%clk 00:18:49] [%emt 00:06:24]} Kg7 {[%clk 00:17:35] [%emt 00:04:02]}
36. Rdd1 {[%clk 00:06:08] [%emt 00:13:11]} Rxb2 {[%clk 00:12:34] [%emt
00:05:31]} 37. Rh5 {[%clk 00:06:30] [%emt 00:00:09]} Rf7 {[%clk 00:11:07] [%emt
00:01:56]} 38. Rdh1 {[%clk 00:06:55] [%emt 00:00:05]} Kg8 {[%clk 00:11:13] [%emt
00:00:24]} 39. Rh6 {[%clk 00:07:21] [%emt 00:00:05]} Nf8 {[%clk 00:05:08] [%emt
00:06:35]} 40. Rh8+ {[%clk 00:03:54] [%emt 00:03:57]} Kg7 {[%clk 00:05:33] [%emt
00:00:05]} 41. R8h5 {[%clk 00:45:09] [%emt 00:09:14]} a3 {[%clk 00:51:56] [%emt
00:04:06]} 42. Bc1 {[%clk 00:27:40] [%emt 00:18:00]} Rb1 {[%clk 00:37:32] [%emt
00:14:54]} 43. Nxg5 {[%clk 00:27:18] [%emt 00:00:52]} Bxg5 {[%clk 00:32:38]
[%emt 00:05:24]} 44. Rxg5+ {[%clk 00:24:00] [%emt 00:03:48]} Ng6 {[%clk
00:32:11] [%emt 00:00:57]} 45. Bxa3 {[%clk 00:23:10] [%emt 00:01:20]} Rxf2+
{[%clk 00:29:01] [%emt 00:03:39]} 46. Kxf2 {[%clk 00:23:36] [%emt 00:00:05]}
Rxh1 {[%clk 00:29:27] [%emt 00:00:05]} 47. Bb4 {[%clk 00:16:19] [%emt 00:07:47]}
b5 {[%clk 00:22:56] [%emt 00:07:00]} 48. Bd2 {[%clk 00:14:51] [%emt 00:01:58]}
Rh2+ {[%clk 00:18:32] [%emt 00:04:54]} 49. Ke1 {[%clk 00:15:15] [%emt 00:00:06]}
Kf7 {[%clk 00:18:13] [%emt 00:00:49]} 50. Rh5 {[%clk 00:09:32] [%emt 00:06:13]}
Nh4 {[%clk 00:16:29] [%emt 00:02:14]} 51. Kd1 {[%clk 00:09:11] [%emt 00:00:52]}
Nf3 {[%clk 00:16:25] [%emt 00:00:32]} 52. Rxh2 {[%clk 00:07:40] [%emt 00:02:02]}
Nxh2 {[%clk 00:16:50] [%emt 00:00:05]} 53. Kc2 {[%clk 00:08:07] [%emt 00:00:04]}
Nxg4 {[%clk 00:15:29] [%emt 00:01:51]} 54. Kc3 {[%clk 00:08:03] [%emt 00:00:34]}
Nh2 {[%clk 00:14:26] [%emt 00:01:33]} 55. Kb4 {[%clk 00:08:28] [%emt 00:00:06]}
Nf3 {[%clk 00:14:48] [%emt 00:00:07]} 56. Bc3 {[%clk 00:07:24] [%emt 00:01:35]}
Kg6 {[%clk 00:15:02] [%emt 00:00:16]} 57. Kxb5 {[%clk 00:07:50] [%emt 00:00:04]}
Kf5 {[%clk 00:15:27] [%emt 00:00:05]} 58. Kc5 {[%clk 00:08:17] [%emt 00:00:03]}
Ke4 {[%clk 00:15:34] [%emt 00:00:22]} 59. Kd6 {[%clk 00:08:28] [%emt 00:00:19]}
Nxd4 {[%clk 00:15:35] [%emt 00:00:29]} 60. Bxd4 {[%clk 00:08:47] [%emt
00:00:12]} Kxd4 {[%clk 00:16:01] [%emt 00:00:04]} 61. Kxe6 {[%clk 00:09:14]
[%emt 00:00:03]} Kc4 {[%clk 00:16:21] [%emt 00:00:10]} 62. Kf6 {[%clk 00:09:27]
[%emt 00:00:17]} d4 {[%clk 00:16:47] [%emt 00:00:04]} 63. e6 {[%clk 00:09:55]
[%emt 00:00:03]} d3 {[%clk 00:17:13] [%emt 00:00:04]} 64. e7 {[%clk 00:10:22]
[%emt 00:00:02]} d2 {[%clk 00:17:38] [%emt 00:00:04]} 65. e8=Q {[%clk 00:10:49]
[%emt 00:00:03]} d1=Q {[%clk 00:18:05] [%emt 00:00:04]} 66. Qe6+ {[%clk
00:11:13] [%emt 00:00:05]} Qd5 {[%clk 00:18:30] [%emt 00:00:05]} 67. Qa6+ {[%clk
00:11:35] [%emt 00:00:08]} Qb5 {[%clk 00:18:53] [%emt 00:00:06]} 68. Qxb5+
{[%clk 00:12:02] [%emt 00:00:04]} Kxb5 {[%emt 00:00:04]} 1/2-1/2

[Site "Europe Echecs"]